000 00596nam a2200217Ia 4500
003 OSt
005 20220928144839.0
006 a|||||r|||| 00| 0
007 ta
008 220927b |||||||| |||| 00| 0 eng d
024 _a76369
037 _cTextual
040 _aSDCL
_cSDCL
_beng
041 _2eng
_aeng
082 _aT9(Y31).1'N7, L6
100 _aDe Clerck Marcel
_9509908
245 0 _aOperational seminar
_b A pioneering method of training for development.
260 _c1976
942 _hT9(Y31).1'N7, L6
_cTEXL
_2CC
999 _c829914
_d829914